000 00682nam a2200169 4500
008 040420s2000 phi eng
090 _aBS2675.2
_bP33
_bIICor
100 1 _aPecson, Andy A.
245 1 0 _aChristian separation :
_ban exegetical study on 2 Corinthians 6:14-7:1 /
_cAndy A. Pecson.
260 _aValenzuela City :
_bBSOP,
_cc2000.
300 _a32
500 _aPaper (M.Div. Biblical Studies)--Biblical Seminary of the Philippines, 2000
650 4 _aBible. N.T. Corinthians, 2nd- VI:14-VII:1
_xCriticism, interpretation, etc.
650 4 _aInterfaith marriage.
650 4 _aMarriage.
951 _p26925
_x00028583
_oBS2675.2/P33/IICor
_j070613111353406
_d2000-12-21
_cTHE
999 _c19882
_d19882